Logo BPK

Bibliografia Prac Pracowników

Politechniki Koszalińskiej

Approaches to Designing digital circuits with the current-mode gates / (Rekord nr 84)

Szczegóły MARC
000 -ETYKIETA REKORDU
podpole kontrolne o stałej długości 01321naa a2200253 i 4500
001 - NUMER KONTROLNY REKORDU
podpole kontrolne BPP
003 - IDENTYFIKATOR NUMERU KONTROLNEGO REKORDU
podpole kontrolne BPK
005 - DATA OSTATNIEJ MODYFIKACJI REKORDU
podpole kontrolne 20191005094030.0
008 - POLE O STAŁEJ DŁUGOŚCI - DANE KONTROLNE
podpole kontrolne o stałej długości 151204s1999 pl f |100 0 eng
040 ## - ŹRÓDŁO KATALOGOWANIA
Instytucja, która utworzyła rekord BPK
041 ## - KOD JĘZYKA
Kod języka tekstu eng
044 ## - KOD KRAJU WYDAWCY/PRODUCENTA
Kod kraju wydawcy/producenta POL
100 ## - NAZWA OSOBOWA
Nazwa osobowa Maslennikow, Oleg
Lata pracy 1996 - 2010.
Instytucja Politechnika Koszalińska - Wydział Elektroniki,
Wydział Katedra Inżynierii Komputerowej
245 ## - TYTUŁ/ODPOWIEDZIALNOŚĆ
Tytuł Approaches to Designing digital circuits with the current-mode gates /
Pozostałe elementy strefy tytułu i oznaczenia odpowiedzialności O. Maslennikow, N. Maslennikowa, A. Guziński, J. Kaniewski.
260 ## - STREFA ADRESU WYDAWNICZEGO
Data publikacji, dystrybucji/powstania dokumentu 1999.
500 ## - UWAGI OGÓLNE
Tekst uwagi Dane z Informatora o publikowanych wynikach prac naukowo-badawczych w 2002 roku Wydziału Elektroniki.
655 #0 - TERMIN INDEKSOWY - OKREŚLENIE RODZAJU/FORMY DOKUMENTU
Określnie rodzaju/formy dokumentu Materiały konferencyjne.
700 ## - HASŁO DODATKOWE - NAZWA OSOBOWA
Nazwa osobowa GUZIŃSKI, Andrzej.
Lata pracy 1996 - 2001.
Instytucja Politechnika Koszalińska - Wydział Elektroniki,
Wydział Katedra Teorii Obwodów i Układów Elektronicznych
700 ## - HASŁO DODATKOWE - NAZWA OSOBOWA
Nazwa osobowa KANYEVSKYY, Yuriy.
Lata pracy 1996 - 2001.
Instytucja Politechnika Koszalińska - Wydział Elektroniki,
Wydział Katedra Inżynierii Komputerowej
711 ## - HASŁO DODATKOWE - NAZWA IMPREZY
Nazwa imprezy MIXDES'99
Oznaczenie części/sekcji dzieła (6 ;
Data imprezy 1999 ;
Miejsce imprezy Kraków, Polska).
Nazwa części/sekcji dzieła MIXDES'99
773 ## - TYTUŁ DOKUMENTU MACIERZYSTEGO
Wyrażenie wprowadzające W :
Tytuł Proc. of the 6-th Int. Conf. on Mixed Design. -
Informacje dotyczące relacji 1999, s. 89-94
700 ## - HASŁO DODATKOWE - NAZWA OSOBOWA
Nazwa osobowa Maslennikowa, Natalia
Lata pracy 1999 - .
Instytucja Politechnika Koszalińska - Wydział Elektroniki,
Wydział Katedra Inżynierii Komputerowej
942 ## - HASŁO DODATKOWE - ELEMENTY(KOHA)
Typ dokumentu Artykuł
Schemat klasyfikacji Uniwersalna klasyfikacja dziesiętna

Brak dostępnych egzemplarzy.

© 2014 Biblioteka Politechniki Koszalińskiej :: BIBLIOGRAFIA PRAC PRACOWNIKÓW